000 01087cam a2200241 4500
001 WB3743-13
008 011113n2001 000 0 eng u
035 _a(Sirsi) u115575
245 _aMasterplans failing
260 _c2001
490 _aUrban Environment Today
_v8 November 2001, 3(1)
520 _aA report prepared for the British Council of Shopping Centres (BCSC) by planning consultants Building Design Partnerships, argues that masterplans for town centres ignore retailers' requirements and focus on housing provision and leisure facilities. The forthcoming report recommends that retailers become involved in drawing up town masterplans. For further information on the report contact Micheal Taplin at the BCSC. Tel: +44 (0)207 227 3458.
590 _aWB
650 _aMASTERPLANS
650 _aTOWN CENTRES
650 _aSHOPPING CENTRES
650 _aBRITISH COUNCIL OF SHOPPING CENTRES
650 _aBUILDING DESIGN PARTNERSHIP
650 _aURBAN DESIGN
650 _aRETAILERS
690 _aPROPERTY-COMMERCIAL PROPERTY-RETAIL PROPERTY
942 _n0
999 _c68829
_d68829